Music Quiz

Random Music or Rock Quiz

Random Album Quiz 6 Stats

Quiz not verified by Sporcle

Challenge
Share
Tweet
Embed
Score 0/17 Timer 05:00
0 Plays Today
Item Answer % Correct
Year1973
95.5%
BandLynyrd Skynyrd
31.8%
Track 8Free Bird
28.8%
Lead composer and singerRonnie Van Zant
22.7%
Album(Pronounced 'lĕh-'nérd 'skin-'nérd)
16.7%
Track 4Simple Man
15.2%
Lead guitar (most tracks)Gary Rossington
13.6%
Bass guitar (most tracks)Ed King
13.6%
Track 3Gimme Three Steps
13.6%
Item Answer % Correct
Track 2Tuesday's Gone
12.1%
Rhythm guitar (most tracks)Allen Collins
10.6%
KeyboardBilly Powell
7.6%
Track 1I Ain't the One
6.1%
Track 6Mississippi Kid
4.5%
Track 7Poison Whiskey
4.5%
Drums (most tracks)Bob Burns
4.5%
Track 5Things Goin' On
3%

You're not logged in!

Compare scores with friends on all Sporcle quizzes.
Join for Free
OR
Log In

You Might Also Like...

Show Comments

Extras

Top Quizzes Today


Score Distribution

Your Account Isn't Verified!

In order to create a playlist on Sporcle, you need to verify the email address you used during registration. Go to your Sporcle Settings to finish the process.

Report this User

Report this user for behavior that violates our Community Guidelines.

Details: